Adaptace v systémech plánování

Salvato in:
Dettagli Bibliografici
Autore principale: Klusoň, Václav
Natura: Libro
Lingua:ceco
Pubblicazione: Praha Institut řízení 1982
Tags: Aggiungi Tag
Nessun Tag, puoi essere il primo ad aggiungerne!!

MARC

LEADER 00000nam a2200000 4500
001 c114946
005 20041019155200.0
041 0 |a cze 
044 |a CZ 
245 1 0 |a Adaptace v systémech plánování  |c Václav Klusoň 
264 1 |a Praha  |b Institut řízení  |c 1982 
300 |a 278 s. 
100 1 |a Klusoň, Václav